1187 1667 1663 1819 1610 1824 1397 1648 1168 1854 1743 1706 1372 1323 1229 1041 1135 1454 1144 1830 1372 1258 1054 1129 1189 1078 1943 1774 1474 1856 1724 1120 1604 1657 1848 1503 1139 1990 1666 1418 1101 1787 1281 1358 1658 1458 1110 1241 1152 1463 1384 1219 1727 1719 1327 1247 1633 1473 1594 1669 1044 1633 1706 1870 1772 1859 1299 1680 1287 1418 1534 1044 1699 1080 1348 1544 1877 1548 1051 1442 1750 1980 1379 1074 1056 1282 1158 1758 1843 1150 1588 1583 1872 1047 1548 1748 1790 1346 1385 BCNSPRNW ULIB Ver.6.0+V

เปลี่ยนเป็นภาษาไทย

Change to English
 แสดงรายละเอียดบรรณานุกรม
  กลับหน้าหลัก

Brief Record : Get Marc (ISO 2709) : E-mail record : QR code < ปิดหน้าต่าง
LEADER : 00000nam 2200000uu 4500
001    13399110907
003     ULIB
008    110613s||||||||th 000 0 tha d
020    9749006488
050  4 AC158^bจ716ช 2546
100    เจนเนอร์ แจน
245    ชีวิตสัตว์โลก/ ^cผู้แต่ง เอ็กซ์ไลน์, โจเซฟ ดี; แปลและเรียบเรียง ตรัยเทพ เกษศิลป์
246 31 สำรวจโลกวิทยาศาสตร์
260    กรุงเทพฯ : ^bเพียร์สัน เอ็ดดูเคชั่น อินโดไชน่า, ^c2546
300    208 หน้า : ^bภาพประกอบ ; ^c28 ซม.
490    สำรวจโลกวิทยาศาสตร์
650    สัตว์
650    วิทยาศาสตร์ ^xการทดลอง
700    ตรัยเทพ เกษศิลป์, ^eผู้แปล
945    ^p0^l0^i028560
995    ทศพร
999 ^a ใช้งานได้ทุกระบบ
รายการนี้ยังไม่มีแท็ก
คุณยังไม่ได้ล็อกอิน คุณสามารถมีกิจกรรมร่วมกับเว็บไซต์ได้ แต่ต้องล็อกอินก่อน ::
  ล็อกอิน

รายการสื่อสารสนเทศ

ลำดับที่ ประเภท เลขเรียก/บาร์โค้ด สถานที่ สถานะ
- ไม่พบข้อมูล -

รายการใกล้เคียง
    ผู้แต่ง [เจนเนอร์ แจน]

    หัวเรื่อง [สัตว์]

BibComment


ยังไม่เคยถูกคอมเมนท์

คอมเมนท์ทรัพยากรรายการนี้
  คอมเมนท์: ชีวิตสัตว์โลก ผู..


 Copyright 2026. Bcnsprnw @Library